000 00304pam a2200145 a 4500
020 _c
041 _aeng
082 _bRAD
100 _aRadhakrishnan.
245 _aSearch For Death
_hTextual Documents
250 _a2009.
260 _a[s.l]:
_bHind Pocket Books
300 _a203pg.
930 _a12139
999 _c89042
_d89042